|
|
|
|
| LEADER |
01166nam a2200229 a 4500 |
| 001 |
GR-MES405 |
| 008 |
991111s1986 be 000 b eng d |
| 040 |
|
|
|a GrPaTEI
|b gre
|c GR-PaULI
|
| 245 |
0 |
0 |
|a Pathology in marine aquaculture =
|b Pathologie en aquaculture marine : Proceedings of the first international colloquim held from September 11-14, 1984 at the Montpellier, France
|n 9os.
|
| 260 |
|
|
|a Belgium :
|b European Aquaculture Society Specila publication No. 9,
|c 1986
|
| 300 |
|
|
|a xv, 428σελ. :
|b εικ.,πιν.
|
| 490 |
0 |
|
|a EAS Special publication series / Jaspers E.,Persoone J,
|x 774-0689 ;
|v 9
|
| 650 |
|
4 |
|a ΘΑΛΑΣΣΙΕΣ ΥΔΑΤΟΚΑΛΛΙΕΡΓΕΙΕΣ
|
| 650 |
|
4 |
|a ΥΔΑΤΟΚΑΛΛΙΕΡΓΕΙΕΣ-ΠΑΘΟΛΟΓΙΑ
|
| 700 |
1 |
|
|a Bonami, J. R.
|
| 700 |
1 |
|
|a Jaspers, E.
|
| 700 |
1 |
|
|a Vivares, C. P.
|
| 710 |
0 |
|
|a European Aquaculture Society Specila publication No. 9
|
| 942 |
|
|
|2 ddc
|
| 952 |
|
|
|0 0
|1 0
|2 ddc
|4 0
|6 639_800000000000000_VIV
|7 0
|9 263635
|a MSLG
|b MSLG
|c BSC
|d 2021-01-17
|e 24
|f 0
|g 0.00
|l 0
|o 639.8 VIV
|p 2420000003861
|r 2021-01-17 00:00:00
|t 1
|w 2021-01-17
|y BK15
|x 19991111 0 1
|x GrPaTEI
|
| 971 |
|
|
|a .b25714466
|b 15-04-20
|c 13-09-16
|
| 999 |
|
|
|c 151783
|d 151783
|